00760nam a22001817a 4500008004100000040005500041080002100096100002400117245012700141260006000268650002500328653001300353700001600366700001900382942001300401999001700414952014700431230425b |||||||| |||| 00| 0 eng d aNational Science LibrarycNational Science Library a669.1:622.78bK2 aDasgupta, S B97441 aPilot plant studies on beneficiation and sintering of kiriburu iron ore for national mineral development corporation ltd.  aJamshedpur: bNational Metallurgical Laboratory, c1962 aChemical technology  aWashing  aSinha, P K  aBanerjee, S K  2udccREF c23327d23327 0010406669162278_K2708REF934197aNSLbNSLcGF/Rk-21/C-3/R-4d2004-07-21l0o669.1:622.78 K2p190382r2023-04-25 00:00:00w2004-07-21yREF